青海省县级市 - Statistics

General Stats
  • This quiz has been taken 21 times
  • The average score is 5 of 5
Answers on the Map
Answers color-coded by a green-red scale on the quiz's map according to % correct below.
 
Answer Stats
Answer % Correct
格尔木市
100%
玉树市
95%
德令哈市
95%
茫崖市
95%
同仁市
80%
No matching quizzes found
Score Distribution
Percent of People with Each Score
Percentile by Number Answered
Your Score History
You have not taken this quiz